| 000 | 00378nam a2200145Ia 4500 | ||
|---|---|---|---|
| 008 | 240624s9999 xx 000 0 und d | ||
| 041 | _aeng | ||
| 082 | _a658.3 DEC | ||
| 100 | _aDECENZO DAVID A | ||
| 245 | _aFUNDAMENTALS OF HUMAN RESOURCE MANAGEMEN | ||
| 250 | _a(8th ed.) | ||
| 260 |
_c2007 _aNew Delhi _bWiley India |
||
| 300 | _axxi, : 425 : p. : cm. ; 26 | ||
| 365 |
_cRS _b35 |
||
| 999 |
_c7823 _d7823 |
||